Govt. of
Madhya Pradesh

Hindu Dharma (Record no. 35424)

MARC details
000 -LEADER
fixed length control field 004090000a22001690004500
003 - CONTROL NUMBER IDENTIFIER
control field MACL
005 - DATE AND TIME OF LATEST TRANSACTION
control field 20151230161824.0
008 - FIXED-LENGTH DATA ELEMENTS--GENERAL INFORMATION
fixed length control field 151230b xxu||||| |||| 00| 0 eng d
040 ## - CATALOGING SOURCE
Original cataloging agency MACL
Transcribing agency MACL
041 ## - LANGUAGE CODE
Language code of text/sound track or separate title English
082 ## - DEWEY DECIMAL CLASSIFICATION NUMBER
Classification number 294.5/GAN
100 ## - MAIN ENTRY--PERSONAL NAME
Personal name Gandhi M K
9 (RLIN) 8264
245 ## - TITLE STATEMENT
Title Hindu Dharma
260 ## - PUBLICATION, DISTRIBUTION, ETC. (IMPRINT)
Name of publisher, distributor, etc. Navanivan Publishing House
Date of publication, distribution, etc. 1950
650 ## - SUBJECT ADDED ENTRY--TOPICAL TERM
Topical term or geographic name as entry element Religion
9 (RLIN) 25223
942 ## - ADDED ENTRY ELEMENTS (KOHA)
Koha item type Books
Call number prefix 294.5/Gan
Source of classification or shelving scheme
Holdings
Withdrawn status Lost status Source of classification or shelving scheme Damaged status Not for loan Home library Current library Date acquired Total Checkouts Full call number Barcode Date last seen Uniform Resource Identifier Price effective from Koha item type
          MACL MACL 15/04/2015   294.5/GAN CLE006060 29/04/2015 35632 15/04/2015 Books